000 00721pam a2200265 a 4500
999 _c7027
_d7027
001 7027
003 BD-JhCC
005 20220207134017.0
008 850920s1986 maua 001 0 eng
020 _a0871508796
035 _a(BD-JhCC)7027
040 _aDLC
_cDLC
_dDLC
_d(BD-JhCC)
041 _aeng
050 0 0 _aQA154.2
_b.S96 1986
082 0 0 _a512.9
_219
_bSWO 1986
100 1 _aSwokowski, Earl William,
_d1926-
245 1 0 _aFundamentals of college algebra /
_cEarl W. Swokowski.
250 _a6th ed.
260 _aBoston :
_bPrindle, Weber & Schmidt,
_cc1986.
300 _ax, 406, A1-A37 p. :
_bill. ;
_c25 cm.
500 _aIncludes index.
650 0 _aAlgebra.
942 _2ddc
_cBK
_01